000
00248nam a2200109Ia 4500
008
190216s9999||||xx |||||||||||||| ||und||
100
_a
Tolstoy
245
0
_a
Enthanu Kala
260
_b
Nbs Kottayam
650
_a
Essay Malayalam
942
_c
BK
999
_c
25378
_d
25378